| 000 | 00414nam a2200145Ia 4500 | ||
|---|---|---|---|
| 008 | 151213s9999 xx 000 0 und d | ||
| 100 | _aWilliam Michael Rossetti | ||
| 245 |
_aThe Poetical Works of William Cowper _cWilliam Michael Rossetti |
||
| 260 |
_aLondon _bWilliam Collins, Sons and Co. |
||
| 300 | _a6526 p. | ||
| 650 | _aCritics | ||
| 650 | _aEnglish | ||
| 700 | _aWilliam Michael Rossetti | ||
| 999 |
_c3615 _d3615 |
||